| 000 | 00388 a2200145 4500 | ||
|---|---|---|---|
| 001 | 170542 | ||
| 020 | _a | ||
| 040 | _cMagnum | ||
| 100 | _aAgencia Regional de Noticias | ||
| 240 | 1 | 0 |
_aClipping em educacao - 27/08/01 a 02/09/01 - ano iii - nº 101 _lpor |
| 245 | 1 | 0 | _aClipping em educacao - 27/08/01 a 02/09/01 - ano iii - nº 101 |
| 362 | 0 | _a1899 | |
| 697 | _aENSINO | ||
| 942 | _cBK | ||
| 999 |
_c170542 _d170542 |
||